01550nam a2200325 u 450000100070000000500170000700800410002403500110006504000130007604100080008905000060009708200080010310000320011124501560014326000430029930000350034250000150037752004700039265000370086265000300089965000190092965000500094865000250099865000660102370000450108970000420113470000310117650200100120752600070121776782920260506093111.0020814e20020814 ||||||m| spa  a767829 ccomduadb aspa 4aF 4a30510aCampo Nieto, Over4auteaut10aAnálisis de la pobreza en el sector de Vallejuelos de Medellin, 1999-2001 : lectura a la luz de la teoría de las capacidades humanas de Amartya Sen aMedellín :b[sin publicador],c2002. a114 h. : cuadr. est. :bAnexos aRef. bibl.3 aEl trabajo analiza, a la luz de la teoria de las capacidades humanas de Amartya Sen y con la metodologia de estudio de caso, la situacion de la pobreza de la comunidad de Vallejuelos, asentamiento ubicado en la zona noroccidental de Medellin. Se tratan cuatro variables focales: las dotaciones, los funcionamientos basicos (salud, educacion y nutricion), el ejercicio de los derechos y los rasgos sociales, que caracterizan el fenomeno de pobreza en esta comunidad. aPobreza - Vallejuelos (Medellin) aSen, Amartya Kuman, 1933- 7aPobreza2embne aVallejuelos (Medellin) - Condiciones sociales 7aPobreza urbana2lemb 7aAsentamientos urbanoszMedellín (Antioquia, Colombia)2lemb10aGallego Duque, Liliana María4auteaut10aMira Ramirez, Sandra Milena4auteaut10aMesa Toro, Emiro4thseths b62c9 a62